| Tag |
First Indicator |
Second Indicator |
Subfields |
| LEADER |
00000cas a2200000 4500 |
| 001 |
in00000073183 |
| 005 |
20151008052505.0 |
| 008 |
740815d19711973dcuuu1p a 0uu1a0eng |
| 010 |
|
|
|a 74640167
|
| 012 |
|
|
|a 4
|b 3
|c -
|d 7
|e n
|f -
|g p
|h -
|i ----
|
| 022 |
|
|
|a 0094-0682
|
| 035 |
|
|
|a (OCoLC)01791075
|
| 035 |
|
|
|9 AAH3575AM
|
| 037 |
|
|
|b (National Academy of Sciences) 2101 Constitution Avenue, N.W. 20418
|
| 040 |
|
|
|a DLC
|c DLC
|d NSD
|d TXA
|d UtOrBLW
|
| 042 |
|
|
|a lc
|a nsdp
|
| 049 |
|
|
|a TXAE
|
| 050 |
0 |
0 |
|a TA365
|b .T7
|
| 082 |
0 |
|
|a 363.6
|
| 222 |
|
0 |
|a Transportation noise bulletin
|
| 245 |
0 |
0 |
|a Transportation noise bulletin.
|
| 264 |
|
1 |
|a Washington, D.C. :
|b Highway Research Board, National Research Council.
|
| 300 |
|
|
|a 2 volumes ;
|c 28 cm.
|
| 336 |
|
|
|a text
|b txt
|2 rdacontent
|
| 337 |
|
|
|a unmediated
|b n
|2 rdamedia
|
| 338 |
|
|
|a volume
|b nc
|2 rdacarrier
|
| 362 |
0 |
|
|a v. 1-2, no. 2; Oct. 1971-April 1973.
|
| 500 |
|
|
|a "Abstracts of reports and resumes of research projects dealing with transportation noise."
|
| 555 |
|
|
|a Biennial indexes issued separately.
|
| 650 |
|
0 |
|a Noise control
|x Periodicals.
|
| 710 |
2 |
|
|a National Research Council (U.S.).
|b Highway Research Board.
|
| 999 |
|
|
|a MARS
|
| 999 |
f |
f |
|s 55841c19-5a6c-3460-a015-6a8526e724a5
|i f34208c4-dfba-3fee-8e3d-874dcaaa8373
|t 0
|
| 952 |
f |
f |
|p ric
|a Texas A&M University
|b Rellis Campus
|c Joint Library Facility
|d Remote Storage
|t 0
|e TA365 .T7
|h Library of Congress classification
|i unmediated -- volume
|k v.1:Index 1
|l 1971/1972
|m A14822055989
|
| 952 |
f |
f |
|p ric
|a Texas A&M University
|b Rellis Campus
|c Joint Library Facility
|d Remote Storage
|t 0
|e TA365 .T7
|h Library of Congress classification
|i unmediated -- volume
|k v.2:Index
|l 1972/1973
|m A14822056032
|
| 952 |
f |
f |
|p ric
|a Texas A&M University
|b Rellis Campus
|c Joint Library Facility
|d Remote Storage
|t 0
|e TA365 .T7
|h Library of Congress classification
|i unmediated -- volume
|k v.1
|l 1971/1972
|m A14822055939
|
| 952 |
f |
f |
|p ric
|a Texas A&M University
|b Rellis Campus
|c Joint Library Facility
|d Remote Storage
|t 0
|e TA365 .T7
|h Library of Congress classification
|i unmediated -- volume
|k v.2
|l 1972/1973
|m A14822056082
|
| 998 |
f |
f |
|a TA365 .T7
|s v.1 (1971/1972)-v.2 (1972/1973)
|t 0
|l Remote Storage
|